Carpeta con poco dibujos. (Record no. 8257)

MARC details
000 -CABECERA
campo de control de longitud fija 00722nam a2200217 a 4500
001 - NÚMERO DE CONTROL
campo de control BRCA_8594
005 - FECHA Y HORA DE LA ÚLTIMA TRANSACCIÓN
campo de control 20190320210335.0
245 10 - MENCIÓN DE TÍTULO
Título Carpeta con poco dibujos.
260 ## - PUBLICACIÓN, DISTRIBUCIÓN, ETC.
Lugar de publicación, distribución, etc. [s.l.]
Nombre del editor, distribuidor, etc. [s.i.]
Fecha de publicación, distribución, etc. s.XVII?
300 ## - DESCRIPCIÓN FÍSICA
Extensión 1 vol. (sin paginación)
Otras características físicas il.
Dimensiones 31 cm
500 ## - NOTA GENERAL
Nota general Fondo antiguo
500 ## - NOTA GENERAL
Nota general Se encuentra en Caja Fuerte
500 ## - NOTA GENERAL
Nota general LB-5/(CO8-410)
500 ## - NOTA GENERAL
Nota general Carpeta con 16 dibujos
500 ## - NOTA GENERAL
Nota general En las páginas finales del documento se localizan algunas firmas
500 ## - NOTA GENERAL
Nota general Ejemplar conservado en carpeta negra
500 ## - NOTA GENERAL
Nota general Nota de encuadernación: carpeta en piel
506 0# - NOTA DE RESTRICCIONES AL ACCESO
Limitaciones de acceso Fondo reservado: para su consulta es necesario credencial de usuario y carta de motivos
902 ## - CATALOGADOR
Iniciales LAR
942 ## - ELEMENTOS DE PUNTO DE ACCESO ADICIONAL (KOHA)
Fuente del sistema de clasificación o colocación Library of Congress Classification
Tipo de ítem Koha Libros
Holdings
Estado de retiro Estado de pérdida Estado dañado No para préstamo Localización permanente Ubicación/localización actual Fecha de adquisición Total de préstamos Código de barras Fecha visto por última vez Precio válido a partir de Tipo de ítem Koha
El ejemplar forma parte de la colección y puede ser consultado según las políticas vigentes.       Biblioteca del Museo Franz Mayer (Rogerio Casas-Alatriste) Biblioteca del Museo Franz Mayer (Rogerio Casas-Alatriste) 22/08/2016   LAR00099 22/03/2019 22/03/2019 Libros